| 000 | 00764nam a2200181 a 4500 | ||
|---|---|---|---|
| 008 | 210607s2014 ||||||||||||||||| || u | ||
| 050 | _aCBU-PG THESIS/NAM | ||
| 100 | _aNambela, Ruth | ||
| 245 | 1 | 0 |
_aAssessment of household food security challenges on women : a case study of Makululu township _cBy Ruth Nambela |
| 260 |
_aKitwe _bCopperbelt University _c2014 |
||
| 300 | _axiv, 74 pages [various pages] : illustrations | ||
| 500 | _aIncludes references | ||
| 650 | _aFOOD SUPPLY--ZAMBIA | ||
| 650 | _aWOMEN--ZAMBIA--ECONOMIC ASPECTS | ||
| 650 | _aWOMEN--ZAMBIA--SOCIAL CONDITIONS | ||
| 650 | _aFOOD SECURITY--ZAMBIA | ||
| 995 |
_FCBU-MAIN LIBRARY (Kitwe) _M1 _UAVAILABLE _WJun 7, 2021 _ZUniversity Collection |
||
| 999 |
_c35033 _d35033 |
||